| Registos Bibliográficos associados ao registo de autoridade |
|
Etiqueta de registo: 00254nam 2200025 450 001 2276210 003 http://id.bnportugal.gov.pt/bib/catbnp/2276210 100 ## $a20260305d2025 k y0pory01030103ba 101 0# $aeng$dpor 102 ## $aPT 105 ## $aa m 000yy 106 ## $ar 200 1# $aBioactive glass composition and macrophage polarization$etowards a pro-regenerative response$fAna Sofia Tomaz Teixeira de Pádua$gorient. Jorge Alexandre Monteiro de Carvalho e Silva, Manuel Pedro Fernandes Graça 210 #9 $aLisboa$c[s.n.],$d2025 215 ## $aL, 320 p.$cil.$d30 cm 300 ## $aAcesso não autorizado pelo autor por um período de 1 ano 328 #1 $aTese dout. Materials Science and Nanotechnology Engineering, Universidade Nova de
Lisboa, 2025 675 ## $a60(043)$vBN$zpor$31376044 675 ## $a666.18(043)$vBN$zpor$31400068 700 #1 $aPádua,$bAna Sofia Tomaz Teixeira de$31989126 702 #1 $aSilva,$bJorge Alexandre Monteiro de Carvalho e$4727$3148736 702 #1 $aGraça,$bManuel Pedro Fernandes$4727$31629233 801 #0 $aPT$bBN$gRPC 966 ## $lBN$mFGMON$sS.A. 193644 V.$x1 971 ## $cabrito$d20260305 972 ## $e0$z0$d20260423$vasantos 973 ## $cigoulao$d20260416
|
|
|